000 00747nam a2200217 a 4500
999 _c11105
_d11105
001 11105
003 BD-JhCC
005 20190729192101.0
008 190629b20162018bg a|||| ||a| 001 0 ben d
020 _a9789849176664
035 _a(BD-JhCC)11105
040 _aBD-JhCC
_dBD-JhCC
041 _aben
082 _a324.25492083
_bAHM 2018
100 _aআহমদ, মহিউদ্দিন
245 _aআওয়ামীলীগ উত্থানপর্ব ১৯৪৮-১৯৭০ /
_cমহিউদ্দিন আহমদ ।
260 _aঢাকা:
_bপ্রথমা প্রকাশন;
_c২০১৮.
300 _a২৭০ পৃঃ . :
_bill;
_c২২ সেমি.
650 _aAwami League
942 _2ddc
_cBK